Towards better mangrove management in southern Thailand
保存先:
| フォーマット: | 図書 |
|---|---|
| 言語: | Undetermined |
| 出版事項: |
[Thailand]
[Thailand]
|
| 主題: | |
| タグ: |
タグ追加
タグなし, このレコードへの初めてのタグを付けませんか!
|
| Thư viện lưu trữ: | Trung tâm Học liệu Trường Đại học Cần Thơ |
|---|
| LEADER | 00505nam a2200157Ia 4500 | ||
|---|---|---|---|
| 001 | CTU_142085 | ||
| 008 | 210402s9999 xx 000 0 und d | ||
| 082 | |a 583.763 | ||
| 082 | |b T737 | ||
| 245 | 0 | |a Towards better mangrove management in southern Thailand | |
| 245 | 0 | |c Edited by Asae Sayaka, Paul L. A, Erftermijer. | |
| 260 | |a [Thailand] | ||
| 260 | |b [Thailand] | ||
| 650 | |a Mangrove plants,Trồng cây đước | ||
| 904 | |i Tuyến | ||
| 980 | |a Trung tâm Học liệu Trường Đại học Cần Thơ | ||